| 000 | 00577nam a2200229Ia 4500 | ||
|---|---|---|---|
| 003 | OSt | ||
| 005 | 20220918204207.0 | ||
| 006 | a|||||r|||| 00| 0 | ||
| 007 | ta | ||
| 008 | 220917b |||||||| |||| 00| 0 eng d | ||
| 024 | _a111,379 | ||
| 037 | _cTextual | ||
| 040 |
_aARTS _cARTS _beng |
||
| 041 |
_2eng _aeng |
||
| 082 | _aV53:1:E5, K5 | ||
| 100 | _aLewis A R | ||
| 245 | 0 | _aDevelopment of Southern French and Catalan Society 718-1050 | |
| 260 | _c1965 | ||
| 650 | _aHISTORY | ||
| 942 |
_hV53:1:E5, K5 _cTEXL _2CC |
||
| 999 |
_c234728 _d234728 |
||